| 000 | 00546nam a2200169Ia 4500 | ||
|---|---|---|---|
| 008 | 090124s9999 xx 000 0 und d | ||
| 082 | _b101422 | ||
| 100 | _aकेळकर न. चि. | ||
| 245 | _a फ्रेंच राज्यक्रांति | ||
| 250 | _a1 | ||
| 300 | _a232 | ||
| 600 | _aकेळकर न. चि. | ||
| 630 | _a फ्रेंच राज्यक्रांति | ||
| 700 | _aकेळकर न. चि. | ||
| 730 | _a फ्रेंच राज्यक्रांति | ||
| 942 | _cBOOK | ||
| 999 |
_c147514 _d147514 |
||